| 000 | 00355nam a2200121Ia 4500 | ||
|---|---|---|---|
| 008 | 150202s9999 xx 000 0 und d | ||
| 050 |
_aFIC _bFIC |
||
| 100 | _aLuehrs, Kirk. | ||
| 245 |
_aPennelopy peoples and the religious machine / _cKirk Luehrs. |
||
| 260 |
_aPortland : _bTelefriend Inc., _c1974. |
||
| 300 |
_a94 pages : _c18 cm. |
||
| 650 | _aFiction. | ||
| 999 |
_c282165 _d282165 |
||